Possibility of women's access on agricultural extension in banan district, battambang province, លទ្ធភាពនៃការទទួលបានរបស់ស្ត្រីក្នុងការផ្សព្វផ្សាយកសិកម្ម នៅស្រុកបាណន់ ខេត្តបាត់ដំបង (Record no. 4244)

000 -LEADER
fixed length control field 00700nam a22001577a 4500
003 - CONTROL NUMBER IDENTIFIER
control field OSt
005 - DATE AND TIME OF LATEST TRANSACTION
control field 20151208163027.0
008 - FIXED-LENGTH DATA ELEMENTS--GENERAL INFORMATION
fixed length control field 151208b xxu||||| |||| 00| 0 eng d
040 ## - CATALOGING SOURCE
Transcribing agency RUA
082 ## - DEWEY DECIMAL CLASSIFICATION NUMBER
Classification number ATM SAY 2008 B195 Or.1
100 ## - MAIN ENTRY--PERSONAL NAME
9 (RLIN) 4555
Personal name SAY, BOREY
245 ## - TITLE STATEMENT
Title Possibility of women's access on agricultural extension in banan district, battambang province, លទ្ធភាពនៃការទទួលបានរបស់ស្ត្រីក្នុងការផ្សព្វផ្សាយកសិកម្ម នៅស្រុកបាណន់ ខេត្តបាត់ដំបង
260 ## - PUBLICATION, DISTRIBUTION, ETC. (IMPRINT)
Place of publication, distribution, etc. Phnom Penh
Name of publisher, distributor, etc. RUA
Date of publication, distribution, etc. 2008
300 ## - PHYSICAL DESCRIPTION
Extent xii, 59p.
Other physical details ill.
Dimensions 29cm.
942 ## - ADDED ENTRY ELEMENTS (KOHA)
Source of classification or shelving scheme
Koha item type ATM
Holdings
Price effective from Date last seen Permanent Location Not for loan Date acquired Source of classification or shelving scheme Koha item type Lost status Withdrawn status Total Renewals Date last checked out Total Checkouts Damaged status Barcode Current Location Full call number
2015-12-082015-12-08Library Block B 2015-12-08 ATM      RUA038499Library Block BATM SAY 2008 B195 Or.1
2015-12-082015-12-08Library Block B 2015-12-08 ATM      RUA038359Library Block BATM SAY 2008 B195 Or.2
2015-12-082015-12-08Library Block B 2015-12-08 ATM      RUA038380Library Block BATM SAY 2008 B195 Or.3
2015-12-082016-07-30Library Block B 2015-12-08 ATM  22016-06-041 RUA038500Library Block BATM SAY 2008 B195 Or.4
2015-12-082015-12-08Library Block B 2015-12-08 ATM      RUA038954Library Block BATM SAY 2008 B195 Or.5
2015-12-082015-12-08Library Block B 2015-12-08 ATM      RUA038379Library Block BATM SAY 2008 B195 Or.6
មជ្ឈមណ្ឌលឯការនៃសាកលវិទ្យាល័យភូមិន្ទកសិកម្មចំការដូង

Powered by Koha